=LDR 00000nam 2200000 4500 =001 INLIS000000000810251 =005 20251120011611 =035 ##$$a 0010-1125000105 =007 ta =008 251120###########################0###### =020 ##$$a 9789791629478 =082 ##$$a 297.6 =084 ##$$a 297.6 HAK t =245 ##$$a Telah datang zamanya /$c Abdul Hakim bin Amir abdat =250 ##$$a Cet. 4 =260 ##$:$b Muawiyah bin Abi Sufyan =300 ##$$a 197 Hlm ; $c 21 cm.